| 000 | 01805nam a22003617a 4500 | ||
|---|---|---|---|
| 005 | 20200104041738.0 | ||
| 008 | 160303b2015 ck abd r|||| 00| 0 spa d | ||
| 020 | _a9789588889481 (impreso) | ||
| 020 | _a9789588889471 (digital) | ||
| 040 |
_aCO-BoIAVH _cCO-BoIAVH |
||
| 041 | 0 | _aspa | |
| 044 | _ack | ||
| 082 | 0 | 4 |
_a333.910986 _bC71a |
| 245 | 0 | 0 |
_aColombia Anfibia : _bUn país de humedales. Volumen I / _ceditado por Úrsula Jaramillo Villa, Jimena Cortés-Duque y Carlos Flórez Ayala |
| 260 |
_aBogotá : _bInstituto de Investigación de Recursos Biológicos Alexander von Humboldt, _c2015. |
||
| 300 |
_a140 páginas : _bilustraciones a color, mapas, tablas y gráficas a color ; _c32 x 24 centímetros |
||
| 504 | _aIncluye referencias bibliográficas: páginas 134-137. | ||
| 505 | 0 | _aCapítulo 1. La naturaleza de los humedales. | |
| 505 | 0 | _aCapítulo 2. Humedales y gente. | |
| 505 | 0 | _aCapítulo 3. Entramado anfibio. | |
| 505 | 0 | _aCapítulo 4. La pluralidad del agua. | |
| 520 | 2 | _aColombia anfibia. Un país de humedales. cuenta sobre la complejidad y diversidad de estos espacios de agua en el territorio continental de nuestro país y la importancia de integrar esta nueva mirada en la gestión de estos ecosistemas. | |
| 650 | 4 | _aHumedales continentales | |
| 650 | 4 |
_aHumedales _xidentificación _zColombia |
|
| 650 | 4 |
_aHumedales _xclasificación _zColombia |
|
| 650 | 4 |
_aGestión de humedales _zColombia |
|
| 650 | 4 | _aSistemas socioecológicos | |
| 700 | 1 |
_aJaramillo Villa, Úrsula _eeditora |
|
| 700 | 1 |
_aFlórez-Ayala, Carlos _eeditor |
|
| 710 | 2 | _aInstituto de Investigación de Recursos Biológicos Alexander von Humboldt. | |
| 700 | 1 |
_aCortés-Duque, Jimena _eeditora |
|
| 942 |
_2ddc _cLIBRO _05 |
||
| 999 |
_c18191 _d18191 |
||